00505pab a2200157 454500008004000000100001900040245010100059260000900160300001300169362000800182650003000190650003900220650002300259700002200282773004300304180718b1999 xxu||||| |||| 00| 0 eng d aRoett, Riordan aThe global economic crisis, contagion, and institutions: new realities in Latin America and Asia c1999 ap.271-83 aJul aEconomic recession - Asia aEconomic recession - Latin America aEconomic recession aCrandall, Russell aInternational Political Science Review